Šancu majú len silní
Celosvetová globalizácia ekonomiky a obchodu, aj tvrdá konkurencia núti firmy hľadať čo najvýhodnejšie spôsoby zásobovania a distribúcie. Logistika tak začína zohrávať stále dôležitejšiu úlohu. Slovensko nie je výnimkou. Snaha spoločností o outsourcing logistických služieb. Zo strany zákazníkov na p...
Salvato in:
| Autore principale: | |
|---|---|
| Natura: | Capitolo di libro |
| Lingua: | slovacco |
| Soggetti: | |
| Tags: |
Nessun Tag, puoi essere il primo ad aggiungerne!!
|
MARC
| LEADER | 00000naa$a2200000$$$4500 | ||
|---|---|---|---|
| 001 | 0036300 | ||
| 005 | 20231107130013.2 | ||
| 041 | 0 | |a slo | |
| 044 | |a SK | ||
| 245 | 1 | 0 | |a Šancu majú len silní |c Jozef Brezovský |
| 520 | |a Celosvetová globalizácia ekonomiky a obchodu, aj tvrdá konkurencia núti firmy hľadať čo najvýhodnejšie spôsoby zásobovania a distribúcie. Logistika tak začína zohrávať stále dôležitejšiu úlohu. Slovensko nie je výnimkou. Snaha spoločností o outsourcing logistických služieb. Zo strany zákazníkov na prvom mieste je cena. O logistike si mnohí myslia, že ju zvládnu sami, nevyhnutnosť spolupráce menších podnikov. Slovník pojmov k logistike. | ||
| 610 | 2 | 0 | |a logistika obchodná |
| 610 | 2 | 0 | |a outsourcing |
| 610 | 2 | 0 | |a služby logistické |
| 610 | 2 | 0 | |a Slovensko |
| 100 | 1 | |a Brezovský, Jozef | |